| 000 | 00578nam a2200181Ia 4500 | ||
|---|---|---|---|
| 003 | GCL | ||
| 008 | 140319s9999 xx 000 0 ara d | ||
| 040 |
_aGCL / _cGCL |
||
| 082 | 0 | 4 |
_a912.11 _bل م |
| 100 | 1 | _aلوبيرجراتيان | |
| 245 | 1 | 0 |
_aمدينة الاسكندرية / _cلوبيرجراتيان |
| 700 | 1 | _aزهير الشايب | |
| 260 |
_a[S.N] : _bلجنة الاعلام والدراسات المستقبلية ، _c1991 |
||
| 300 | _a188 | ||
| 490 |
_aموسوعة وصف مصر _v0 |
||
| 650 | 0 | 4 | _aالاسكندرية - تاريخ |
| 942 |
_2ddc _cBK |
||
| 999 |
_c52943 _d52943 |
||